000
00309nam a22001457a 4500
008
230911b ||||| |||| 00| 0 eng d
020
_a
052125714x
041
_a
eng
080
_a
521
082
_a
521MAL
100
_a
19
101
_a
ASTRO
245
_a
COLOURS OF THE STARS
_c
MALIN.D
942
_2
udc
_c
BK
999
_c
60309
_d
60309